00834nam a2200205Ia 4500001002200000003000900022008004100031040002300072041001200095100002500107245005000132250001100182260003900193300002600232501012400258942000700382957000600389999004100395952019200436271-MEI ot mo (18395)IT-MiSPE171229s9999||||xx |||||||||||||| ||und|| aIT-MiSPEcIT-MiSPE aINGLESE aOtto F.A. Meinardus  0aMonks and monasteries of the Egyptian Deserts a2 riv. aIl CairobAmerican Univerityc1989 aXVIII, 241 p. c23 cm aEdizioni San Paolo srl - Piazza Soncino, 5 - 20092 CINISELLO BALSAMO (MI) (non commercial uses only) ® Copyright 2018 cBK 71 a4794bNOg Copie: 1 c348256d348256 0010406271MEI_OT_MO_1839571aCINISELLObCINISELLOd2017-12-30l0o271-MEI ot mo (18395)r2017-12-30 00:00:00w2017-12-30yBKz(data import: 20 dicembre 2017) - By Epidotti, Vaglietti.